000 01132nam a2200253 4500
001 124237
003 ES-MaACL
005 20250902023436.0
007 t|
008 070214s1964 sp r ||||1| spa d
100 1 _aDe Marco, Allan V.
_943062
245 1 0 _aReducción integrada de los costes industriales /
_c[informe de Allan V. De Marco para la Agencia Europea de Productividad de la Organizacion de Cooperacion y Desarrollo Económicos] ; revisión y prólogo, A. García-Martín Suárez ; [traducido por Antonio Ortega Godoy].
260 _aBarcelona :
_bSagitario,
_c1964.
300 _a239 p. :
_bil. ;
_c22 cm.
490 1 _aAdministración de empresas
500 _aTít. orig.:. Réduction des coûts industriels.
700 1 _aOrtega Godoy, Antonio.
_987461
700 1 _aGarcía-Martín Suárez, Antonio.
_954905
710 2 _aOrganización de Cooperación y Desarrollo Económico.
_bAgencia Europea de Productividad.
_96056
740 0 _aRéduction des coûts industriels.
830 0 0 _aAdministración de empresas (Sagitario)
_9185693
852 _aES-MaACL
_jC-25226
_bR.54093
999 _c124237
_d124237